Koncerty v SF

Bibliographic Details
Main Author: Šišková, Ingeborg, 1940- (Author)
Format: Article
Language:Slovak
Subjects:

MARC

LEADER 00000nab a2200000 a 4500
001 vtls009942745
003 SK-MaSNL
005 20260304151305.0
008 250506c1973 xo |r|p|||||||000 b|slo
015 |a SNBRB1973 
035 |a (uuid)f1c2cf74-5966-4482-b889-2327562dbd18 
035 |a urn:nbn:sk:snk-ab26g4 
035 |a (urnnbn)urn:nbn:sk:snk:ar-a01r3n 
038 |a SNKBUCL 
040 |a SNKBUCL  |b slo  |c SNKBUCL  |e AACR2 
041 0 |a slo 
044 |a xo  |c SK 
080 |a 78.071.2:785.11  |2 1997 
080 |a 785.11  |2 1997 
100 1 |a Šišková, Ingeborg,  |d 1940-  |4 aut  |9 7152 
245 1 0 |a Koncerty v SF  |c Inge Šišková 
610 2 7 |a Slovenská filharmónia  |2 snkbucl  |9 145774 
648 7 |a 1973  |2 snkbucl  |9 282428 
773 0 |t Hudobný život  |g Roč. 5, č. 4 (1973), s. 5 
850 |a Slovenská národná knižnica 
852 |a Slovenská národná knižnica 
954 |a odborná, vedecká literatúra pôvodná (slovenská)  |2 lita 
958 |a article27 
958 |a OND 
958 |a SK 
958 |a EUIPO 
999 |c 2942696  |d 2944626